Statistics for Taylor Swift - closure Lyrics

Click here to take the quiz!

General Stats

  • This quiz has been taken 65 times
  • The average score is 198 of 223

Answer Stats

Answer% Correct
Closure
100%
closure
100%
I
100%
I'm
100%
it
100%
It
100%
you
100%
your
100%
be
97%
better
97%
doing
97%
don't
97%
Don't
97%
got
97%
know
97%
letter
97%
need
97%
The
97%
the
97%
Yes
97%
a
93%
bone
93%
cut
93%
deep
93%
it's
93%
It's
93%
over
93%
right
93%
to
93%
And
90%
and
90%
me
90%
that
90%
That
90%
like
83%
ya
83%
in
79%
so
79%
treat
79%
can
76%
guilty
76%
Guilty
76%
just
76%
my
76%
oh
76%
time
76%
been
72%
life
72%
long
72%
needs
72%
new
72%
of
72%
out
72%
tears
72%
way
72%
wrinkle
72%
between
69%
handled
69%
nice
69%
now
69%
put
69%
Some
69%
spite
69%
unnecessary
69%
with
69%
would
69%
across
66%
all
66%
beers
66%
But
66%
candles
66%
feel
66%
fine
66%
friends
66%
iron
66%
name
66%
pain
66%
sea
66%
shape
66%
situation
66%
wasn't
66%
down
62%
fake
62%
Looks
62%
spells
62%
Still
62%
went
62%
reaching
59%
Staying
59%
seeing
55%
smoothing
55%

Score Distribution

Percentile by Number Answered

Percent of People with Each Score

Your Score History

You have not taken this quiz